| 000 | 00681nam a2200181Ia 4500 | ||
|---|---|---|---|
| 008 | 100921s9999 xx 000 0 und d | ||
| 082 |
_b39552 _a181.45 न 04 |
||
| 100 | _aगोळे नंदकुमार. | ||
| 245 | _aयोग एक जीवनशैली. | ||
| 260 |
_bस्नेहल प्रकाशन,पुणे. _c2004 |
||
| 300 |
_a140 _bकलाभारती वितरण,पुणे |
||
| 365 | _b90 | ||
| 520 | _aतत्वज्ञान-योग. | ||
| 630 | _aयोग एक जीवनशैली. | ||
| 650 | _aतत्वज्ञान-योग. | ||
| 730 | _aयोग एक जीवनशैली. | ||
| 942 | _cBOOK | ||
| 999 |
_c788665 _d788662 |
||